WWE Royal Rumble 2015 Entrants - Statistics

General Stats
  • This quiz has been taken 15 times
  • The average score is 22 of 30
Answer Stats
Draw Entrant % Correct
29 Big Show
100%
5 Bray Wyatt
100%
25 Dean Ambrose
100%
24 Kane
100%
19 Roman Reigns
100%
1 The Miz
100%
30 Dolph Ziggler
93%
4 Luke Harper
93%
15 Rusev
93%
10 Daniel Bryan
86%
6 Erick Rowan
86%
16 Goldust
86%
13 Stardust
86%
27 Bad News Barrett
79%
20 Big E
79%
17 Kofi Kingston
79%
2 R-Truth
79%
8 Sin Cara
79%
28 Cesaro
71%
3 Bubba Ray Dudley
64%
22 Jack Swagger
64%
23 Ryback
64%
7 The Boogeyman
64%
9 Zack Ryder
57%
11 Fandango
43%
18 Adam Rose
36%
14 Diamond Dallas Page
36%
26 Titus O'Neil
36%
12 Tyson Kidd
36%
21 Damien Mizdow
29%
No matching quizzes found
Score Distribution
Percent of People with Each Score
Percentile by Number Answered
Your Score History
You have not taken this quiz